[Event "GM Tournament Belgrade 2022"]
[Site "Belgrade"]
[Date "2022.03.14"]
[Round "9.3"]
[White "Sjugirov, Sanan"]
[Black "Nihal Sarin"]
[Result "1/2-1/2"]
[WhiteElo "2680"]
[BlackElo "2656"]
[Annotator "TA"]
[PlyCount "60"]
[EventDate "2022.03.06"]
[EventType "tourn"]
[EventCountry "SRB"]
[SourceTitle "playchess.com"]
[Source "ChessBase"]
[SourceQuality "1"]

{[%evp 14,60,0,4,8,2,13,8,10,10,8,12,8,8,8,11,6,14,18,15,26,20,20,20,17,27,25,27,29,0,0,0,0,0,0,0,0,0,0,0,0,0,0,0,0,0,0,0,0]} 1. e4 e5 2. Nf3 Nc6 3. Nc3 Nf6 4. d4 exd4 5. Nxd4 Bb4 6. Nxc6 bxc6 7. Bd3 d5 8. exd5 {Threatens to win with Qe2+.} O-O {C47: Scotch Four Knights and Four Knights with 4 g3.} 9. O-O Bg4 10. f3 Bh5 11. dxc6 Qd4+ 12. Kh1 {[%cal Od3h7] [#] And now Bxh7+! would win.} Bxc3 13. bxc3 Qxc3 14. Bf4 Qxc6 15. Qe2 Nd5 16. Bg3 Bg6 17. Bb5 {[#] This bishop pair is nice.} Qxc2 $146 ({Predecessor:} 17... Qc3 18. Be5 Qc5 19. Rad1 c6 20. c4 cxb5 21. cxd5 Rfe8 22. Qb2 f6 23. Bd4 Qxd5 24. Bxf6 {1-0 (56) Sanal,V (2563)-Deac,B (2627) Chess.com INT 2021}) 18. Qxc2 Bxc2 19. Rfc1 Bf5 20. Bc6 Rad8 21. Bxd5 Rxd5 {The position is equal.} 22. Rxc7 Rd7 23. Rxd7 Bxd7 $11 {[%mdl 4096] Endgame KRB-KRB} 24. Rb1 Rc8 25. Rb8 Rxb8 26. Bxb8 Be6 27. Bxa7 Bxa2 28. Bf2 f6 29. Kg1 Kf7 30. h3 h6 {An even fight not without its subleties.  Weighted Error Value: White=0.01 (flawless) /Black=0.01 (flawless)} 1/2-1/2

[Event "GM Tournament Belgrade 2022"]
[Site "Belgrade"]
[Date "2022.03.14"]
[Round "9.4"]
[White "Ivic, Velimir"]
[Black "Markus, Robert"]
[Result "1-0"]
[WhiteElo "2607"]
[BlackElo "2625"]
[Annotator "TA"]
[PlyCount "67"]
[EventDate "2022.03.06"]
[EventType "tourn"]
[EventCountry "SRB"]
[SourceTitle "playchess.com"]
[Source "ChessBase"]
[SourceQuality "1"]

{[%evp 18,67,26,42,31,29,31,16,24,22,46,57,50,37,49,59,45,38,43,33,36,24,19,18,41,34,50,50,46,18,37,33,40,44,90,99,106,105,135,51,120,112,268,235,787,764,779,300,329,328,858,738]} 1. e4 e6 2. d4 d5 3. Nc3 dxe4 4. Nxe4 Bd7 5. Nf3 Bc6 6. Bd3 Nd7 7. O-O Ngf6 8. Re1 Nxe4 {8...Nxe4 scores better than 8...Be7.} 9. Bxe4 Bxe4 10. Rxe4 Be7 {C10: French with 3 Nc3: Unusual Black 3rd moves and 3...dxe4.} 11. Rg4 $5 {[%mdl 4] An interesting side line.} Bf6 {[#]} 12. h4 $146 ({Predecessor:} 12. Qd3 O-O 13. Ng5 g6 14. Bd2 e5 15. d5 Bg7 16. c4 Nf6 17. Rh4 h6 18. Ne4 Nxd5 {½-½ (53) Matushinskij,V-Gnirk,H ICCF corr 1986}) 12... c6 {The position is equal.} 13. Qe2 Qa5 14. c4 O-O 15. Bd2 Qf5 16. Re4 {[#] Threatens to win with g4.} h5 {To avoid g4} 17. Rd1 Rfd8 18. Bg5 Bxg5 19. Nxg5 Nf6 20. Re5 Qg4 21. Nf3 Qf4 22. g3 Qh6 23. Kg2 Rd6 24. a4 Rad8 25. b4 b6 {Prevents Ra5.} (25... Ng4 $14) 26. c5 $16 R6d7 27. b5 {White is more active.} Rc7 28. Rg5 (28. cxb6 $16 axb6 29. a5 bxa5 30. Rc5) 28... Nd5 (28... Nh7 $1 $14) 29. Rc1 {And now cxb6 would win.} Re7 $2 {This move loses the game for Black.} (29... cxb5 $16 30. axb5 g6) 30. bxc6 f6 $2 {[#]} (30... Rc7 31. Rc4 g6) 31. Rxd5 $1 $18 {[%mdl 512]} Rxd5 32. c7 $2 Rxc7 {Strongly threatening ...Qg6.} 33. Qxe6+ Rf7 $2 (33... Kh7 34. Qxd5 Qxc1) 34. Rc3 {Weighted Error Value: White=0.26 (precise) /Black=0.25 (precise)} (34. Qxd5 Qxc1 35. c6 (35. Qxh5 bxc5 36. Qd5 cxd4 $15) 35... g6 $18) 1-0

[Event "GM Tournament Belgrade 2022"]
[Site "Belgrade"]
[Date "2022.03.14"]
[Round "9.5"]
[White "Ivanisevic, Ivan"]
[Black "Abdusattorov, Nodirbek"]
[Result "0-1"]
[WhiteElo "2599"]
[BlackElo "2651"]
[Annotator "TA"]
[PlyCount "82"]
[EventDate "2022.03.06"]
[EventType "tourn"]
[EventCountry "SRB"]
[SourceTitle "playchess.com"]
[Source "ChessBase"]
[SourceQuality "1"]

{[%evp 15,82,0,0,0,0,0,0,0,0,0,0,0,0,0,0,-29,-17,-25,-14,-27,-14,-86,-11,-66,-31,-71,-22,-41,-54,-109,-56,-214,-192,-215,-205,-205,-218,-213,-206,-266,-268,-260,-246,-316,-296,-337,-163,-446,-416,-469,-400,-2279,-2158,-2745,-2425,-29959,-29958,-29973,-29977,-29975,-29975,-12843,-12839,-29984,-29985,-12841,-12841,-29990,-29991]} 1. d4 Nf6 2. c4 g6 3. Nc3 d5 4. cxd5 Nxd5 5. e4 Nxc3 6. bxc3 Bg7 7. Nf3 {is now more promising than 7.Bc4.} c5 8. Bb5+ Nc6 {[%cal Rc5d4]} 9. d5 {D85: Exchange Grünfeld: Unusual White 7th moves and lines with 7 Nf3.} a6 10. Be2 Bxc3+ 11. Bd2 {The position is equal.} Bxa1 12. Qxa1 Nd4 $1 13. Nxd4 cxd4 14. Qxd4 f6 15. O-O O-O {[#]} 16. Bh6 $146 ({Predecessor:} 16. Bc4 Qd6 17. Rb1 b5 18. Bb4 Qe5 19. Qxe5 fxe5 20. Bd3 Ra7 21. Bc3 Bd7 22. Bxe5 {0-1 (36) Sofia,G (1467)-Sierzega,J (1563) LSS email 2016}) 16... e5 17. Qb4 Rf7 18. f4 (18. a4 $11 {keeps the balance.}) 18... b5 (18... exf4 $17 {With the idea ...Bd7.} 19. Bxf4 Bd7) 19. h3 (19. fxe5 $11 fxe5 20. Rxf7 Kxf7 21. Qc5) 19... Bd7 20. Kh2 Qe7 (20... a5 $17 21. Qd2 exf4 22. Qxf4 Qe8) 21. Qd2 Qd6 22. Rf3 (22. fxe5 $15 fxe5 23. Rxf7 Kxf7 24. Qa5) 22... Re8 (22... b4 $17 23. fxe5 Qxe5+ 24. Bf4 Qxe4) 23. Rg3 $2 {Loses the game.} ({Better is} 23. f5 $1 $15) 23... f5 $19 {[%cal Bf6f5,Bf5e4][%mdl 32]} 24. fxe5 Rxe5 25. Bf4 fxe4 {[%cal Oe5d5]} 26. Bxe5 Qxe5 27. Bd1 Re7 {...e3 is the strong threat.} 28. Qe3 Kg7 (28... Qxd5 $2 29. Bb3 Qxb3 30. Qxb3+ $18) 29. Kg1 b4 {Hoping for ...Qa1.} ({Don't go for} 29... Qxd5 $2 30. Qc3+ Qe5 31. Qxe5+ Rxe5 32. Ra3 $19) 30. Be2 Bf5 ({Avoid the trap} 30... Qxd5 $2 31. Bxa6 Re8 32. Kh2 $19) (30... a5 $142 31. Bc4 Re8) 31. a3 $2 (31. Bxa6 {was the only chance.} Rc7 32. Bb5) 31... a5 32. h4 Rc7 ({Not} 32... Qxd5 $2 33. h5 $19) 33. Qg5 (33. Bf1 $142) 33... Rc3 34. Rxc3 bxc3 35. Qe3 c2 36. Qa7+ {[#]} Bd7 $1 {[%mdl 512]} 37. Qxd7+ Kh6 38. Qc8 Qa1+ 39. Bf1 c1=Q 40. Qf8+ Kh5 {[#] ( -> ...Qe3+)} 41. d6 Kg4 {Weighted Error Value: White=1.28/Black=0.14 (very precise)} 0-1